000 00429nam a22001577a 4500
999 _c5676
_d5674
005 20210909110759.0
008 180123b xxu||||| |||| 00| 0 eng d
020 _a978-81-8360-174-0
041 _aeng
100 _aMANIKANDAN, K AND PRABHU, S
_94016
245 _aINDIAN FORESTRY (a breakthrough approach to forest service)
250 _a6th ed rev
260 _aNEW DELHI
_bJAIN BROTHERS
_c2016
300 _a644p
942 _cBK